God's heroes and heroines. (Record no. 3479)

000 -LEADER
fixed length control field 00566nam a2200181 a 4500
001 - CONTROL NUMBER
control field :::00001210$&:&@@
003 - CONTROL NUMBER IDENTIFIER
control field OkBaRHE
005 - DATE AND TIME OF LATEST TRANSACTION
control field 20000607103242.0
008 - FIXED-LENGTH DATA ELEMENTS--GENERAL INFORMATION
fixed length control field j 000 0 eng u
040 ## - CATALOGING SOURCE
Transcribing agency
100 1# - MAIN ENTRY--PERSONAL NAME
Personal name Besse, H. T. (Henry True), 1823-
245 10 - TITLE STATEMENT
Title God's heroes and heroines.
260 ## - PUBLICATION, DISTRIBUTION, ETC. (IMPRINT)
Place of publication, distribution, etc Cincinnati, OH., :
Name of publisher, distributor, etc Western Methodist Book Concern Press
Date of publication, distribution, etc nd
300 ## - PHYSICAL DESCRIPTION
Extent 538 p. ;
Dimensions 23 cm.
650 ## - SUBJECT ADDED ENTRY--TOPICAL TERM
Topical term or geographic name as entry element Bible
General subdivision Biography
942 ## - ADDED ENTRY ELEMENTS (KOHA)
Source of classification or shelving scheme
Koha item type Books
Copies
Permanent Location Date last seen Lost status Source of classification or shelving scheme Price effective from Barcode Withdrawn status Damaged status Koha item type Copy number Shelving location Not for loan Full call number Date acquired
RHEMA Bible Training College2010-04-14  2010-04-141210  Books1General Stacks BS 571 .B3792010-04-14